<?xml version="1.0" encoding="UTF-8"?>
<marc:record xmlns:marc="http://www.loc.gov/MARC21/slim">
   <marc:leader>00000nam a2200000 a 4500</marc:leader>
   <marc:datafield ind1="1" ind2=" " tag="100">
      <marc:subfield code="a">Sander, Karoline</marc:subfield>
      <marc:subfield code="4">aut</marc:subfield>
      <marc:subfield code="e">Verfasser/-in</marc:subfield>
   </marc:datafield>
   <marc:datafield ind1="1" ind2=" " tag="100">
      <marc:subfield code="a">Schneider, Liane</marc:subfield>
   </marc:datafield>
   <marc:datafield ind1="1" ind2=" " tag="100">
      <marc:subfield code="a">Urban, Jens</marc:subfield>
   </marc:datafield>
   <marc:datafield ind1="1" ind2=" " tag="100">
      <marc:subfield code="a">Meyer, Nana</marc:subfield>
   </marc:datafield>
   <marc:datafield ind1=" " ind2=" " tag="653">
      <marc:subfield code="a">Buch zum Film</marc:subfield>
   </marc:datafield>
   <marc:datafield ind1=" " ind2=" " tag="653">
      <marc:subfield code="a">Vorlesebuch</marc:subfield>
   </marc:datafield>
   <marc:datafield ind1=" " ind2=" " tag="653">
      <marc:subfield code="a">Meine Freundin Conni</marc:subfield>
   </marc:datafield>
   <marc:datafield ind1="0" ind2="0" tag="245">
      <marc:subfield code="a">Meine Freundin Conni: Geheimnis um Kater Mau</marc:subfield>
   </marc:datafield>
   <marc:datafield ind1="0" ind2="0" tag="245">
      <marc:subfield code="b">Das große Buch zum Film</marc:subfield>
   </marc:datafield>
   <marc:datafield ind1="0" ind2="0" tag="245">
      <marc:subfield code="c">Text: Karoline Sander (auf Grundlage des Drehbuchs von Nana Meyer und Jens Urban, das auf den Büchern und Figuren von Liane Schneider beruht).</marc:subfield>
   </marc:datafield>
   <marc:datafield ind1=" " ind2="1" tag="264">
      <marc:subfield code="a">Hamburg</marc:subfield>
      <marc:subfield code="b">Carlsen Verlag GmbH</marc:subfield>
      <marc:subfield code="c">2020</marc:subfield>
   </marc:datafield>
   <marc:datafield ind1="1" ind2=" " tag="490">
      <marc:subfield code="a">Meine Freundin Conni</marc:subfield>
   </marc:datafield>
   <marc:datafield ind1="1" ind2=" " tag="520">
      <marc:subfield code="a">Conni geht zum ersten Mal ganz allein auf große Reise. Natürlich sind auch ihre besten Freunde Anna und Simon mit dabei. Nur Kater Mau darf Conni leider nicht mitnehmen. Umso größer ist daher die Überraschung, als sie bei ihrer Ankunft feststellt, dass ihr geliebter Kater als blinder Passagier mitgereist ist! Aber Haustiere sind in der alten Burgmühle nicht erlaubt und so setzt Conni alles daran, Mau versteckt zu halten. Das kümmert den frechen Kater allerdings wenig und neugierig erkundet er die Umgebung. Dabei richtet er eine Menge Unfug an, für den Frau Weingärtner den Waschbär Oskar verantwortlich macht und ihn den Zoo abgeben will. Und dann verschwinden auf unerklärliche Weise auch noch Dinge spurlos und Conni und ihre Freunde ist klar: Sie müssen der Sache auf den Grund gehen! Ob es ihnen gelingt, Oskar zu retten und den echten Dieb zu stellen? Das große Vorlesebuch zum Conni-Kinofilm "Geheimnis um Kater Mau" - mit vielen Bildern aus dem Conni-Kinofilm. (Verlagsinformation)</marc:subfield>
   </marc:datafield>
   <marc:datafield ind1=" " ind2=" " tag="041">
      <marc:subfield code="a">ger</marc:subfield>
   </marc:datafield>
</marc:record>
